| 000 | 00000nam 2200000zi 4500 |
| 001 | 9.934016 |
| 003 | CaOODSP |
| 005 | 20240516150023 |
| 006 | m o d f |
| 007 | cr mn||||||||| |
| 008 | 240216e20240216onc ob f000 0 eng d |
| 020 | |a9780660703305 |
| 040 | |aCaOODSP|beng|erda|cCaOODSP |
| 043 | |an-cn--- |
| 086 | 1 |aCS75-005/2024-1E-PDF |
| 245 | 00|aEnsuring that the Labour Force Survey remains the cornerstone of Canada's labour market information ecosystem. |
| 264 | 1|a[Ottawa] : |bStatistics Canada = Statistique Canada, |cFebruary 16, 2024. |
| 264 | 4|c©2024 |
| 300 | |a1 online resource (4 pages). |
| 336 | |atext|btxt|2rdacontent |
| 337 | |acomputer|bc|2rdamedia |
| 338 | |aonline resource|bcr|2rdacarrier |
| 490 | 1 |aLabour statistics : technical papers, |x2292-3780 |
| 500 | |aIssued also in French under title: Assurer que l'Enquête sur la population active demeure la pierre angulaire de l'écosystème d'information sur le marché du travail. |
| 500 | |a"Catalogue no. 75-005‑M." |
| 504 | |aIncludes bibliographical references. |
| 520 | |a"From 2010 to 2019, the Labour Force Survey (LFS) response rate – or the proportion of selected households who complete an LFS interview – had been on a slow downward trend, due to a range of social and technological changes which have made it more challenging to contact selected households and to persuade Canadians to participate when they are contacted. These factors were exacerbated by the COVID-19 pandemic, which resulted in the suspension of face-to-face interviewing between April 2020 and fall 2022. Statistics Canada is committed to restoring LFS response rates to the greatest extent possible. This technical paper discusses two initiatives that are underway to ensure that the LFS estimates continue to provide an accurate and representative portrait of the Canadian labour market"--Provided by publisher. |
| 610 | 20|aLabour Force Survey (Canada) |
| 650 | 0|aHousehold surveys|xResponse rate|zCanada. |
| 710 | 2 |aStatistics Canada, |eissuing body. |
| 775 | 08|tAssurer que l'Enquête sur la population active demeure la pierre angulaire de l'écosystème d'information sur le marché du travail.|w(CaOODSP)9.934019 |
| 830 | #0|aLabour statistics. |w(CaOODSP)9.507538 |
| 856 | 40|qPDF|s235 KB|uhttps://publications.gc.ca/collections/collection_2024/statcan/75-005-m2024001-eng.pdf |
| 856 | 4 |qHTML|sN/A|uhttps://www150.statcan.gc.ca/n1/pub/75-005-m/75-005-m2024001-eng.htm |
| 986 | |a75-005-M |